Championsleague 2019/2020 - Statistiken

Allgemein
  • Dieses Quiz wurde 274 mal gespielt
  • Das Durchschnittsergebnis liegt bei 21 aus 32
Antwortstatistiken
Gruppe Club % Korrekt
D Bayer 04 Leverkusen
96%
F FC Barcelona
95%
F Borussia Dortmund
94%
E FC Liverpool
93%
C Manchester City
93%
A Real Madrid
93%
A Paris Saint-Germain
91%
G RB Leipzig
89%
D Juventus Turin
87%
H FC Chelsea
85%
F Inter Mailand
84%
D Atlético Madrid
81%
B FC Bayern München
81%
H Ajax Amsterdam
79%
G Olympique Lyon
78%
B Tottenham Hotspur
74%
G Benfica Lissabon
68%
E SSC Neapel
63%
E RedBull Salzburg
61%
H FC Valencia
56%
C Atalanta Bergamo
54%
A FC Brügge
50%
B Roter Stern Belgrad
48%
C Schachtar Donezk
48%
C Dinamo Zagreb
42%
H OSC Lille
42%
A Galatasaray Istanbul
41%
G Zenit St. Petersburg
40%
D Lokomotive Moskau
37%
B Olympiakos Piräus
35%
F Slavia Prag
30%
E KRC Genk
26%
Keine übereinstimmenden Quizze gefunden
Verteilung der Resultate
Anzahl Personen mit jedem Resultat
Perzentil nach korrekt beantworteten Fragen
Ihre Resultats-Entwicklung
Sie haben dieses Quiz noch nicht gespielt